Troublesome words

Αποθηκεύτηκε σε:
Λεπτομέρειες βιβλιογραφικής εγγραφής
Κύριος συγγραφέας: Bryson, Bill, 1951-
Μορφή: Βιβλίο
Γλώσσα:English
Δημοσίευση: London : Penguin Books, 1997
Έκδοση:2nd ed.
Θέματα:
Ετικέτες: Προσθήκη ετικέτας
Δεν υπάρχουν, Καταχωρήστε ετικέτα πρώτοι!

MARC

LEADER 00000nam a2200000 i 4500
001 1/83130
008 990528s1987 eng d
020 |a 0-14-026640-2 
035 |l 10051272 
040 |a GR-MY-UA  |b gre  |e aacr 
041 0 |a eng 
082 0 |a 423.1 
100 1 |a Bryson, Bill,   |d 1951- 
245 1 0 |a Troublesome words /  |c Bill Bryson 
250 |a 2nd ed. 
260 |a London :   |b Penguin Books,   |c 1997 
300 |a 192 σ.;  |c 20 εκ. 
504 |a Βιβλιογραφία: σ. 186-187 
650 0 0 |a English language  |x Usage  |x Dictionaries. 
852 |a INST  |b LESVOS  |e 19990528  |h 423.1 BRY  |p 005100016054  |q 005100016054  |t BK  |y 0 
901 |a BIBL1-1999-2 
909 |a Λ  |b 062421 
922 |a 1ΕΛΗ  |b 199812  |c ΚΠΣ/ΚΥΒ  |d LEADER 
950 |a 023-1998-09-14